000 00495nmm a2200169Ia 4500
008 251105s9999||||xx |||||||||||||||||und||
020 _a9788497422031
041 _aspa
100 _aCapitanelli, Ricardo
245 0 _aViaje al mar y otros relatos
264 _a[Madrid, España] :
_bBiblioteca Nueva,
_c2003
300 _a224 páginas
490 _aNarrativa contemporánea
650 _aLatin American narrative
856 _uhttps://public.digitaliapublishing.com/a/46017
942 _cCF
999 _c90245
_d90245